| 000 | 01191nam a2200301Ia 4500 | ||
|---|---|---|---|
| 001 | ebr10270653 | ||
| 003 | CaPaEBR | ||
| 006 | m u | ||
| 007 | cr cn||||||||| | ||
| 008 | 080721s2009 enka sb 001 0 eng d | ||
| 010 | _z 2008032238 | ||
| 020 | _z9780470061015 (pbk. : alk. paper) | ||
| 020 | _z0470061014 (pbk. : alk. paper) | ||
| 040 |
_aCaPaEBR _cCaPaEBR |
||
| 035 | _a(OCoLC)646788820 | ||
| 050 | 1 | 4 |
_aRC280.U8 _bD86 2009eb |
| 100 | 1 | _aDunleavey, Ruth. | |
| 245 | 1 | 0 |
_aCervical cancer _h[electronic resource] : _ba guide for nurses / _cRuth Dunleavey. |
| 260 |
_aChichester, West Sussex : _bWiley-Blackwell, _c2009. |
||
| 300 |
_aix, 237 p. : _bill. |
||
| 504 | _aIncludes bibliographical references and index. | ||
| 533 |
_aElectronic reproduction. _bPalo Alto, Calif. : _cebrary, _d2009. _nAvailable via World Wide Web. _nAccess may be limited to ebrary affiliated libraries. |
||
| 650 | 0 |
_aCervix uteri _xCancer _xNursing. |
|
| 650 | 0 |
_aUterus _xCancer _xNursing. |
|
| 655 | 7 |
_aElectronic books. _2local |
|
| 710 | 2 | _aebrary, Inc. | |
| 856 | 4 | 0 |
_uhttp://site.ebrary.com/lib/rucke/Doc?id=10270653 _zAn electronic book accessible through the World Wide Web; click to view |
| 999 |
_c8942 _d8942 |
||